Countries who produce the most gemstones - Statistics

General Stats
  • This quiz has been taken 36 times
  • The average score is 20 of 35
Answer Stats
Hint Answer % Correct
Quartz Brazil
91%
Diamond Russia
85%
Rhodochrosite Argentina
76%
Citrine Ethiopia
67%
Morganite Ethiopia
67%
Opal Ethiopia
67%
Peridot Ethiopia
67%
Aquamarine Tanzania
67%
Garnet Tanzania
67%
Ruby Tanzania
67%
Sunstone Tanzania
67%
Tanzanite Tanzania
67%
Tourmaline Tanzania
67%
Turquoise Iran
64%
Sapphire Kenya
64%
Jade Myanmar
64%
Pearl Myanmar
64%
Amazonite Madagascar
58%
Calcite Madagascar
58%
Cordierite Madagascar
58%
Labradorite Madagascar
58%
Topaz Nigeria
55%
Alexandrite Sri Lanka
55%
Padmaraga Sri Lanka
55%
Chalcedony Turkey
48%
Olivine Turkey
48%
Amethyst Zambia
48%
Beryl Zambia
48%
Emerald Zambia
48%
Kyanite Nepal
42%
Ametrine Bolivia
39%
Epidote Malawi
36%
Fluorite Malawi
36%
Agate Uruguay
36%
Corundum Greenland
6%
No matching quizzes found
Score Distribution
Percent of People with Each Score
Percentile by Number Answered
Your Score History
You have not taken this quiz